000
00272nam a22001217a 4500
008
180820b xxu||||| |||| 00| 0 eng d
041
_a
eng
080
_2
19 ED
_a
61
100
_a
4
101
_a
SHM
245
_a
AQUATIC ANIMAL HEALTH CODE
_c
JAMES.R
942
_2
udc
_c
BK
999
_c
47226
_d
47226